Účet 012 – Aktivované náklady na vývoj bakalárska práca

Salvato in:
Dettagli Bibliografici
Autore principale: Jesenská, Zuzana
Ente Autore: Fakulta hospodárskej informatiky EU. Katedra účtovníctva a audítorstva
Altri autori: Jančičková, Lea, 1996-
Natura: Libro
Lingua:slovacco
Pubblicazione: Bratislava 2022
Tags: Aggiungi Tag
Nessun Tag, puoi essere il primo ad aggiungerne!!

MARC

LEADER 00000nbm a2200000 4500
001 0286113
005 20230123145147.6
041 0 |a slo 
044 |a SK 
245 1 0 |a Účet 012 – Aktivované náklady na vývoj  |b bakalárska práca  |c Zuzana Jesenská ; školiteľ: Lea Jančičková 
264 1 |a Bratislava  |c 2022 
300 |a 51 s. 
100 1 |a Jesenská, Zuzana 
700 1 |a Jančičková, Lea, 1996- 
710 2 |a Fakulta hospodárskej informatiky EU. Katedra účtovníctva a audítorstva